| 000 | 00350nam a2200121Ia 4500 | ||
|---|---|---|---|
| 008 | 220204s9999 xx 000 0 und d | ||
| 082 |
_a632,981.1:535.37 _bSHA |
||
| 100 | _aSHARP, R B | ||
| 245 | 0 | _aDetection of spray deposits using fluorescent tracers | |
| 260 |
_aWestPark _bNational inst of Agr Engg |
||
| 650 | _aFluorescent tracers | ||
| 942 | _cBK | ||
| 999 |
_c21240 _d21240 |
||